00790nam a2200217Ia 4500003000900000008004100009020001800050040001600068080001200084245013900096250001200235260003900247300001800286650001600304700002900320700002900349700002900378942000700407999001700414952014100431IN-BaIIA211028s9999 xx 000 0 eng d a9971-51-155-X cIIA Library a53bRES 0aPhysicsbvol. 2, extended versioncedited by R. Resnick, D. Halliday and K. S. Krane  a4th ed. aSingaporebJohn Wiley & Sonsc1994 ax, 1021-1216p aPhysics973 aHalliday, D., ed.922330 aHalliday, D., ed.922330 aKrane, K. S., ed.922331 cBK c12753d12753 00104070aBANbBANcGENd1998-11-13g348.00l1o53/RESp13670r2025-04-23s2025-04-23v348.00w1998-11-13yBKGRs. 348.00